[Event "2022 PHCC Championships"]
[Site "Port Huron"]
[Date "2022.??.??"]
[Round "7"]
[White "Gregg, Alan"]
[Black "Klaty, Trenton"]
[Result "1-0"]
[WhiteElo "1918"]
[BlackElo "1171"]
[Annotator "alan1"]
[PlyCount "121"]
[EventDate "2022.03.10"]
[EventType "tourn"]
[EventRounds "9"]

1. b3 e5 2. Bb2 Nc6 3. e3 Nf6 4. c4 d5 5. a3 Bd6 6. Nc3 Be6 7. Nf3 h6 8. Nb5
O-O 9. Nxd6 Qxd6 10. d3 d4 11. e4 Ne7 12. Be2 Ng6 13. Bc1 c5 14. O-O Rae8 15.
b4 Nd7 16. Rb1 b6 17. Ne1 f5 18. Bh5 Kh7 19. f3 f4 20. Bxg6+ Kxg6 21. g3 Kh7
22. gxf4 {Black is clearly better, but I wanted to mess things up.} exf4 23.
Ng2 g5 24. Rf2 Ne5 25. h4 Kg6 26. Kf1 Rh8 27. Ke1 Bh3 28. Kd2 {[#]} (28. bxc5 {
equal}) 28... Ref8 29. Kc2 Rf7 (29... Qd7 {Black is much better!}) 30. Qg1 Qd7
{maybe the losing move} 31. Nxf4+ Kh7 32. hxg5 Qa4+ 33. Rb3 Rxf4 34. Bxf4 (34.
Kb2 Rxf3 35. Rxf3 Nxf3 36. g6+ Kg7 {White is much better.} 37. Qg3) 34... Nxd3
35. g6+ Kg7 36. Bh2 (36. Qg3 Nxb4+ 37. axb4 Qa2+ 38. Rb2 Qxc4+ 39. Kb1 Qd3+ 40.
Kc1 Qc4+ 41. Rbc2 {This is much better for White as I was going to play Qg3
but thought I lost the queen to a knight check!}) 36... Nxb4+ 37. axb4 Qa2+ 38.
Rb2 Qxc4+ 39. Kb1 Qd3+ 40. Rfc2 Rc8 41. Be5+ Kg8 42. Kc1 Qe3+ {Black's last
mistake, after this,there is no way back.} (42... Qxf3 43. bxc5 Qxe4 44. Bxd4
Re8 45. cxb6 axb6 46. Rxb6) 43. Qxe3 dxe3 44. bxc5 e2 45. Rxe2 {I now make a
small mistake as Kd2 was much better.} (45. Kd2) 45... Rxc5+ 46. Rbc2 Rxe5 47.
f4 Re8 48. f5 Bg4 (48... Kg7 49. Rc7+ Kf6 50. Rc6+ Ke5 51. g7 Rg8 52. f6 Be6
53. Rf2 Bf7 54. Rc7 Bg6 55. Re7+ Kd4 56. Rd2+ Ke3 57. Rg2 Rc8+ 58. Kb2 Bh5 59.
Rh2 Bg6 60. Rxh6) 49. f6 Rf8 50. Rf2 a5 51. Rc6 b5 52. Rc5 Bd7 53. e5 a4 54.
Rd2 Be6 55. Rxb5 a3 56. Ra5 a2 57. Kd1 Rb8 58. Ke2 Bc4+ 59. Kf2 Be6 60. Rdxa2
Bxa2 61. Rxa2 {Black was much better for most of the game but failed to find
the right moves. After Nxf4 I was winning, but failed to play the best moves.
Trenton will only get better. I believe he has played very well thoughout the
tournament, but slipped up in the middle game after playing good opening play.}
1-0

[Event "2022 PHCC Championships"]
[Site "Port Huron"]
[Date "2022.02.24"]
[Round "6"]
[White "Avdic, Huso"]
[Black "Morabito, Matthew"]
[Result "1-0"]
[WhiteElo "2092"]
[BlackElo "1861"]
[Annotator "alan1"]
[PlyCount "33"]
[EventDate "2022.02.24"]
[EventType "tourn"]
[EventRounds "9"]

{[%evp 0,33,19,-18,-9,-12,32,32,35,10,7,-7,23,30,27,34,41,35,56,21,19,41,46,53,
78,79,50,26,52,49,52,73,96,72,621,623]} 1. c4 Nf6 2. Nc3 g6 3. Nf3 Bg7 4. g3
O-O 5. Bg2 d6 6. O-O e5 7. d4 exd4 8. Nxd4 c6 ({Relevant:} 8... Nbd7 9. Qc2 Nb6
10. b3 c5 11. Ndb5 a6 12. Na3 d5 13. cxd5 Nfxd5 14. Nxd5 Bf5 15. Qxc5 Nxd5 16.
Bh6 Bxh6 17. Qxd5 Qe7 18. Nc4 b5 19. Nd6 Be6 20. Qc6 Rfd8 21. Rad1 Bg4 22. Rfe1
Ra7 23. Rd4 Rad7 24. Nxf7 Rxd4 25. Nxh6+ Kg7 26. Nxg4 Rxg4 27. e4 Rg5 28. Qc3+
Re5 29. b4 Qf6 30. f4 Re7 31. e5 Qe6 32. h4 Red7 33. Qc6 Qg4 34. e6 Rd1 35.
Rxd1 Rxd1+ 36. Kh2 Kf6 37. Qc3+ Ke7 38. Qc7+ {Korobov,A (2685)-Mamedov,R (2654)
Kiev 2021 1-0}) 9. b3 Na6 10. Bb2 Nc7 11. e4 d5 12. exd5 cxd5 13. cxd5 Nfxd5
14. Nxd5 Nxd5 {[#]} 15. Qd2 $146 ({Predecessor:} 15. Qf3 Nb6 16. Rad1 Qf6 17.
Ba3 Qxf3 18. Bxf3 Re8 19. Nb5 Bh3 20. Nc7 Bxf1 21. Kxf1 Red8 22. Nxa8 Rxd1+ 23.
Bxd1 Nxa8 24. Bf3 Nc7 25. Bxb7 Nb5 26. Bc5 a5 27. a4 Nd4 28. Bd5 Nf5 29. b4
axb4 30. a5 Bd4 31. Bxb4 Ba7 32. a6 Nd4 33. Bd6 Nb5 34. Be5 Kf8 35. Bf6 Nd4 {
1/2-1/2 (35) Kuffer,J (2073)-Jeitz,C (1834) Luxembourg 1999}) 15... Rb8 16.
Rfe1 b6 (16... a5) (16... Nc7) 17. Nc6 1-0

[Event "2022 PHCC Championships"]
[Site "Port Huron"]
[Date "2022.02.24"]
[Round "6"]
[White "Gregg, Alan"]
[Black "Rood, Eric"]
[Result "1-0"]
[WhiteElo "1918"]
[BlackElo "1883"]
[Annotator "alan1"]
[PlyCount "91"]
[EventDate "2022.02.24"]
[EventType "tourn"]
[EventRounds "9"]

{[%evp 0,91,18,-23,-20,-13,10,-2,5,0,6,-4,47,17,2,6,19,9,13,13,12,15,15,14,16,
-12,-8,-7,0,3,1,4,11,2,13,0,0,-14,-13,-19,0,0,0,-15,-17,-28,-28,-17,-14,-9,-16,
-26,-22,-31,-25,-36,-22,-24,-24,-27,-24,-13,11,35,21,17,14,21,17,12,18,27,27,
28,34,32,32,18,31,32,77,116,169,208,298,238,314,376,398,486,906,910,962,964]} 
1. b3 d5 2. Bb2 Bg4 3. Nf3 Bxf3 4. exf3 Nf6 5. g3 ({Relevant:} 5. f4 g6 6. g3
Bg7 7. Bg2 O-O 8. O-O e6 9. c4 c6 10. d3 Nbd7 11. Nd2 Ne8 12. Qc2 Bxb2 13. Qxb2
Qf6 14. d4 Nd6 15. Nf3 a5 16. Ne5 Rfd8 17. Rfd1 Qe7 18. Rac1 Nf5 19. Nf3 a4 20.
bxa4 Ra7 21. c5 Rda8 22. Bh3 Ng7 23. Rc3 Qd8 24. a3 Qc8 25. Rb1 Ne8 26. Ne5 Nc7
27. Nxd7 Qxd7 28. Rb3 Rb8 29. Qd2 Qd8 30. Bf1 Qf6 31. a5 Qd8 32. R1b2 Qc8 33.
Rb6 Rba8 34. a6 Nxa6 {Anton Guijarro,D (2613)-Howell,D (2666) Riga 2021 1/2-1/
2 (162)}) 5... g6 6. Bg2 Bg7 7. O-O e6 8. d3 O-O 9. Nd2 c5 10. f4 Nc6 11. Nf3
Nd7 12. Bxg7 Kxg7 13. c3 {[#]} Qf6 $146 ({Predecessor:} 13... Rc8 14. Re1 b5
15. a3 Qb6 16. Qd2 Rcd8 17. g4 d4 18. c4 bxc4 19. bxc4 Qc7 20. f5 exf5 21. gxf5
Rfe8 22. Bh3 f6 23. Re6 Nde5 24. Qe2 g5 25. Re1 Qa5 26. Rb1 Qc7 27. Re1 Rb8 28.
Qe4 Qa5 29. Rxe8 Rxe8 30. Rb1 Qxa3 31. Nxe5 Nxe5 32. Qd5 Qa6 33. Rb7+ Kh8 34.
Rc7 g4 35. Bg2 Re6 36. fxe6 {0-1 (36) Perez Garcia,A (2207)-Agdestein,S (2626)
Caleta 2015}) 14. Qd2 Rac8 15. Rac1 Rfd8 16. d4 cxd4 17. cxd4 Qe7 18. Rfe1 Qb4
19. Qb2 a5 20. a3 Qb6 21. Rc2 Ne7 22. Rc5 Kg8 23. Rcc1 Rxc1 24. Rxc1 Rc8 25.
Rxc8+ Nxc8 26. Qc3 Ne7 27. Bf1 Nc6 28. Bd3 Kg7 29. Kg2 Nf6 30. h3 Ne4 31. Bxe4
dxe4 32. d5+ Kg8 33. dxc6 exf3+ 34. Qxf3 {[#]} Qxc6 (34... bxc6 {equal}) 35.
Qxc6 bxc6 36. Kf3 Kf8 37. Ke4 Ke7 38. g4 f6 39. g5 c5 40. h4 Kf7 41. Kd3 e5 42.
Kc4 fxg5 43. fxg5 Ke6 44. Kxc5 Kf5 45. b4 axb4 46. axb4 1-0

[Event "2022 PHCC Championships       "]
[Site "Port Huron"]
[Date "2022.02.24"]
[Round "6"]
[White "Klaty, Trenton"]
[Black "Wingrove, William"]
[Result "1/2-1/2"]
[WhiteElo "1171"]
[BlackElo "1534"]
[Annotator "alan1"]
[PlyCount "82"]
[EventDate "2022.02.24"]
[EventType "tourn"]
[EventRounds "9"]

{[%evp 0,82,27,27,36,-5,40,6,31,36,51,38,11,23,22,11,4,-1,-1,-74,-62,-559,-22,
-18,-40,-11,-28,-40,-33,-47,-44,-66,-18,-40,-35,-107,-106,-106,-59,-69,-44,-99,
-88,-225,-89,-74,-90,-81,-34,-63,-61,-95,-95,-84,-98,-311,-168,-186,-84,-108,
13,-13,0,-31,26,-29,-42,-93,-24,0,66,64,64,50,66,58,58,61,63,52,55,56,56,45,56]
} 1. d4 Nf6 2. c4 g6 3. f3 d5 4. cxd5 Nxd5 5. e4 Nb6 6. Nc3 Bg7 7. Nge2 ({
Relevant:} 7. Be3 Nc6 8. d5 Ne5 9. Bd4 O-O 10. f4 Ng4 11. Bxg7 Kxg7 12. Nf3 e6
13. Qd4+ Nf6 14. O-O-O exd5 15. e5 Nh5 16. f5 Bxf5 17. g4 c5 18. Qg1 Bxg4 19.
Qxg4 d4 20. Rg1 Kh8 21. Ne4 Nd5 22. Qg5 Qxg5+ 23. Nfxg5 Ne3 24. Rd2 Rae8 25.
Nd6 Re7 26. Rf2 Kg7 27. Be2 f6 28. Ngf7 fxe5 29. Bxh5 e4 30. Bd1 Rexf7 31. Nxf7
Rxf7 32. Rxf7+ Kxf7 33. Bc2 Nxc2 34. Kxc2 Kf6 35. Rf1+ Ke6 36. Rf8 h5 {Ding,L 
(2799)-Svidler,P (2714) chess24.com INT 2021 1-0}) 7... Nc6 8. Be3 Nc4 {[#]} 9.
Bf2 $146 ({Predecessor:} 9. Bc1 O-O 10. d5 N6e5 11. f4 Ng4 12. Qd3 Nb6 13. Ng3
h5 14. Be2 c6 15. h3 Nf6 16. dxc6 bxc6 17. e5 Nfd5 18. O-O h4 19. Nge4 Bf5 20.
Qd1 Nb4 21. Be3 Qxd1 22. Raxd1 Nxa2 23. Bf2 Nd5 24. Nxd5 cxd5 25. Nc5 Rab8 26.
Rd2 Rfc8 27. Ra1 Nb4 28. Rxa7 Bh6 29. Rd1 Bxf4 30. Rxe7 Nc6 31. Rb7 Rxb7 32.
Nxb7 Rb8 33. Nd6 Be6 34. Bxh4 Rxb2 35. Bf3 Nd4 36. Bg4 Bxg4 37. hxg4 Bxe5 38.
Ne8 Ne2+ {Galoyan,L (2251)-Gaboyan,S (2043) Yerevan 2014 1/2-1/2 (83)}) 9...
Nxb2 10. Qc2 {[#]} Nc4 $2 (10... Nb4 {black is winning white loses material in
all variations} 11. Qd2 (11. Qc1 N4d3+ 12. Kd2 Nxf2 13. Qxb2 Nxh1) (11. Qb3
N4d3+ 12. Kd2 Nxf2 13. Qxb2 Nxh1) 11... N4d3+) 11. Rd1 Nb6 12. h4 h5 13. d5 Ne5
14. Bd4 O-O 15. Nf4 Bd7 16. Bb5 Rc8 17. Qb3 c5 18. dxc6 Nxc6 19. Bxg7 Kxg7 20.
g3 Qc7 21. Kf2 a6 22. Ncd5 Nxd5 23. Nxd5 Qa5 24. Bxc6 Bxc6 25. Kg2 Bxd5 26.
Rxd5 Qc3 27. Qxb7 Qc2+ 28. Kh3 Qxa2 29. Qxe7 Qc4 30. Qe5+ Kg8 31. Qf4 Qc6 32.
Ra1 Qe6+ 33. g4 hxg4+ 34. Qxg4 Qxg4+ 35. Kxg4 Rc6 36. Raa5 f6 37. h5 gxh5+ 38.
Rxh5 Rf7 39. Raf5 Rg7+ 40. Kf4 Rh7 41. Kg4 Rg7+ 1/2-1/2

[Event "2022 PHCC Championships"]
[Site "Port Huron"]
[Date "2022.02.24"]
[Round "6"]
[White "Malburg, Drew"]
[Black "Klaty, Braeden"]
[Result "1-0"]
[WhiteElo "1348"]
[BlackElo "1719"]
[Annotator "alan1"]
[PlyCount "63"]
[EventDate "2022.02.24"]
[EventType "tourn"]
[EventRounds "9"]

{[%evp 0,63,28,40,40,29,34,44,19,-8,-3,4,71,78,78,17,61,64,50,43,68,58,51,44,
74,63,66,41,184,176,178,195,188,185,204,168,213,202,210,167,194,167,209,211,
202,202,187,180,201,132,155,135,138,156,249,260,303,315,315,309,327,593,593,
309,669,680]} 1. e4 e6 2. d4 d5 3. Nd2 c5 4. c3 Nc6 5. Ngf3 Qb6 6. exd5 exd5 7.
Nb3 cxd4 ({Relevant:} 7... c4 8. Nbd2 Qc7 9. a4 Na5 10. Be2 Nf6 11. O-O Bd6 12.
Qc2 Bg4 13. h3 Bh5 14. b3 Bg6 15. Qb2 O-O 16. bxc4 dxc4 17. Qa2 Rac8 18. Ba3
Ne4 19. Bxd6 Qxd6 20. Nxe4 Bxe4 21. Ne5 Bd5 22. Rae1 f6 23. Ng4 Qf4 24. Ne3 Be6
25. d5 Bf7 26. Bg4 Rcd8 27. Be6 Kh8 28. Bxf7 Rxf7 29. Re2 Re7 30. Rfe1 h6 31.
Qc2 Qe4 32. Qd1 Qd3 {1/2-1/2 (32) Fedrizzi,R (1962)-De Oliveira Filho,F (1638)
Cuiaba 2021}) 8. Nfxd4 Nf6 9. Be3 Qd8 {[#]} 10. Bb5 $146 ({Predecessor:} 10.
Bd3 a6 11. O-O Bd6 12. Nf5 Bxf5 13. Bxf5 O-O 14. Bg5 Be7 15. Re1 h6 16. Be3 Qc7
17. Nd4 Rfe8 18. Bc2 Ng4 19. Qxg4 Kf8 20. Nf5 g6 21. Nxh6 Ne5 22. Qf4 Bd6 23.
Qf6 Rac8 24. Bg5 {1-0 (24) Garcia Sanchez,D-Gonzalez Gonzalez,P Asturias 2000})
10... Bd7 11. O-O Be7 12. Bd3 O-O 13. Nf5 Ne5 (13... Bxf5) 14. Nxe7+ Qxe7 15.
Bc5 Qd8 16. Bxf8 Kxf8 17. Be2 Bc6 18. Nd4 Bd7 19. Nc2 Be6 20. Ne3 Qb6 21. Qb3
Qc7 22. Rfd1 Kg8 23. Qc2 Qa5 24. b4 Qc7 25. a4 Rc8 26. Rac1 Ne4 27. c4 d4 28.
Qxe4 dxe3 29. Qxe3 Nxc4 30. Bxc4 Bxc4 31. Re1 Qd7 32. Rxc4 1-0

[Event "2022 PHCC Championships  "]
[Site "Port Huron"]
[Date "2022.03.03"]
[Round "5"]
[White "Morabito, Matthew"]
[Black "Gregg, Alan"]
[Result "1/2-1/2"]
[WhiteElo "1861"]
[BlackElo "1918"]
[Annotator "alan1"]
[PlyCount "47"]
[EventDate "2022.03.03"]
[EventType "tourn"]
[EventRounds "9"]

{[%evp 0,47,28,28,88,25,22,27,78,65,63,19,19,13,-1,7,1,1,-11,-36,52,11,47,11,
23,48,89,57,46,91,117,117,115,74,75,81,107,48,48,53,36,40,30,21,66,56,52,42,42,
42]} 1. Nf3 g6 2. g3 Bg7 3. Bg2 f5 4. Nc3 ({Relevant:} 4. d4 Nf6 5. O-O O-O 6.
b4 Nc6 7. c3 Ne4 8. Nbd2 d5 9. Bb2 Be6 10. e3 Kh8 11. Rc1 a6 12. a4 Qe8 13.
Nxe4 fxe4 14. Nd2 Bg8 15. b5 axb5 16. axb5 Na5 17. Qe2 Be6 18. Rfe1 Bd7 19. Bf1
Qf7 20. Ra1 Bxb5 21. Qxb5 Qxf2+ 22. Kh1 Qxd2 23. Re2 Qd3 24. Qxd3 exd3 25. Rg2
Rxf1+ 26. Rxf1 Nc4 27. Bc1 Ra1 28. Kg1 e5 29. dxe5 Bxe5 30. Bd2 Ra2 31. Rd1 Kg8
32. Rf2 c5 33. Be1 Rxf2 {Tomashevsky,E (2708)-Paravyan,D (2660) Yasnaya
Polyana 2021 1/2-1/2 (68)}) 4... Nf6 5. d3 d6 6. e4 Nc6 7. O-O O-O 8. Re1 e5 9.
Bg5 {[#]} Ne7 $146 ({Predecessor:} 9... Qe8 10. Bxf6 Bxf6 11. Nd5 Bd8 12. d4 f4
13. Qd3 Qf7 14. dxe5 dxe5 15. Qc3 Re8 16. gxf4 exf4 17. Rad1 Be6 18. Nd4 Bd7
19. Nb3 Ne5 20. f3 c6 21. Nb4 Bf6 22. Nd4 g5 23. Nd3 Rac8 24. Qb3 Nc4 25. Nc5
Rcd8 26. Nxd7 Rxd7 27. c3 Bxd4+ 28. Rxd4 Rxd4 29. cxd4 Ne3 30. Re2 Qxb3 31.
axb3 Rd8 32. Rd2 Kg7 33. Bf1 Kf6 34. Kf2 c5 35. d5 Ke5 36. Bh3 a5 37. Be6 b6
38. Ke2 h5 39. Rd3 {Graf,L (1984)-Mittelstaedt,H (2060) Playchess.com INT 2020
1-0}) 10. d4 fxe4 11. Nxe4 Nxe4 12. Rxe4 h6 (12... Bf5 13. Re3 e4 14. Nh4 d5 {
equal}) 13. Bxe7 Qxe7 14. dxe5 dxe5 15. Nxe5 Qf6 {White is much better.} 16. f4
(16. Re2) 16... Qb6+ 17. Kh1 (17. Qd4) 17... Kh7 {[#]} 18. Nd7 {A mistake
because Matt gives up all of his advantage as we go into bishops of opposite
color.} (18. Nc4 {...with big advantage!}) 18... Bxd7 19. Qxd7 Rad8 20. Qe6
Qxb2 21. Rae1 Qxc2 22. R4e2 Qf5 23. Qxf5 Rxf5 24. Bxb7 1/2-1/2

[Event "2022 PHCC Championships  "]
[Site "Port Huron"]
[Date "2022.03.03"]
[Round "5"]
[White "Rutkofske, Lonnie"]
[Black "Avdic, Huso"]
[Result "0-1"]
[WhiteElo "1731"]
[BlackElo "2092"]
[Annotator "alan1"]
[PlyCount "90"]
[EventDate "2022.03.03"]
[EventType "tourn"]
[EventRounds "9"]

{[%evp 0,90,27,-2,25,32,32,0,22,7,22,33,23,7,14,-36,-29,-39,-15,-27,45,-21,-59,
-52,-36,-126,-135,-133,-134,-112,-145,-147,-100,-95,-81,-129,-129,-170,-115,
-90,-93,-84,-90,-80,-100,-93,-81,-257,-261,-261,-146,-284,-261,-258,-254,-260,
-261,-346,-261,-273,-273,-335,-264,-265,-265,-265,-279,-289,-261,-377,-377,
-481,-446,-475,-493,-517,-471,-683,-673,-764,-748,-748,-739,-780,-721,-748,
-622,-735,-809,-1030,-1256,-2344,-29986]} 1. c4 c5 2. Nf3 Nf6 3. g3 g6 4. Bg2
Bg7 5. Nc3 O-O 6. O-O Nc6 7. Re1 ({Relevant:} 7. d4 cxd4 8. Nxd4 Qa5 9. e3 d6
10. Bd2 Qb6 11. Nxc6 bxc6 12. b3 h5 13. e4 h4 14. Be3 Qa5 15. Bd2 Bg4 16. f3
Qb6+ 17. Kh1 h3 18. fxg4 hxg2+ 19. Kxg2 Qd4 20. Qe2 Nxg4 21. Rad1 Ne5 22. Na4
Qd3 23. Qxd3 Nxd3 24. Bg5 f6 25. Bxf6 Rxf6 26. Rxf6 Bxf6 27. Rxd3 Kf7 28. h4
Ke6 29. Nc3 Ke5 30. Re3 Rh8 31. Nd1 Kd4 32. Re2 g5 33. hxg5 Bxg5 34. Nf2 a5 35.
Re1 a4 36. e5 d5 {Erigaisi,A (2660)-Bacrot,E (2635) Chess.com INT 2022 1-0})
7... d5 8. cxd5 Nxd5 9. a3 b6 10. Qc2 Bb7 11. d3 {[#]} Rc8 $146 ({Predecessor:
} 11... Nc7 12. Rb1 Ne6 13. Bd2 Rc8 14. Ne4 Ncd4 15. Nxd4 cxd4 16. Qa4 Bc6 17.
Qd1 h6 18. f3 Qd7 19. Rf1 f5 20. Nf2 Nc5 21. b3 a5 22. f4 a4 23. Bxc6 Qxc6 24.
bxa4 Nxa4 25. Qb3+ Kh7 26. Rfc1 Nc3 27. Bxc3 dxc3 28. Rc2 Bd4 29. Kf1 g5 30. e3
Bxe3 31. Re1 gxf4 32. gxf4 Qf3 33. Qe6 Bc5 34. Qe5 Rcd8 35. Qe2 Qxf4 36. Rxc3
Rf7 37. h3 Rg7 38. Rxc5 bxc5 39. Qe5 Qxe5 40. Rxe5 Kg6 41. Rxc5 {Reimann,G 
(1832)-Keller,H (2024) Bad Woerishofen 2020 0-1}) 12. Bh3 Nd4 13. Qd1 Nxf3+ 14.
exf3 Nxc3 15. bxc3 e6 16. Bb2 Qd5 17. Re4 Rfd8 18. Bf1 Qh5 19. Re3 Rd7 20. f4
Qd5 21. f3 Rcd8 22. Qc2 Qf5 {[#]} 23. Rae1 $2 (23. c4 {Black is only slightly
better.}) 23... c4 24. Qd2 Qa5 25. Kg2 cxd3 26. Rd1 Ba6 27. g4 h5 28. Kg3 Bc4
29. Bh3 Qc5 30. Rde1 Rd5 31. Re4 b5 32. g5 Qc7 33. Kg2 Rc5 34. a4 Bd5 35. Re5
b4 36. Qxd3 bxc3 37. Ba3 Rc4 38. R5e3 Bxf3+ 39. Rxf3 Rxd3 40. Rxd3 Qxf4 41. Bc1
Qc7 42. Red1 Be5 43. Kh1 c2 44. Rd8+ Kg7 45. R8d7 cxd1=Q+ {White was extremely
short on time in making this obvious blunder!} 0-1

[Event "2022 PHCC Championships  "]
[Site "Port Huron"]
[Date "2022.03.03"]
[Round "5"]
[White "Rood, Eric"]
[Black "Klaty, Trenton"]
[Result "0-1"]
[WhiteElo "1883"]
[BlackElo "1171"]
[Annotator "alan1"]
[PlyCount "64"]
[EventDate "2022.03.03"]
[EventType "tourn"]
[EventRounds "9"]

{[%evp 0,64,27,27,36,17,54,40,59,77,101,51,65,13,17,9,9,18,20,8,17,-25,-9,-38,
-12,-9,3,3,2,-6,-7,0,0,-52,-12,-36,-33,-38,-6,-53,-76,-75,-85,-14,21,33,125,
-107,-110,-99,-93,-98,-95,-92,-75,-140,-114,-140,-158,-263,-267,-265,-278,-681,
-770,-804,-815]} 1. d4 Nf6 2. Bf4 g6 3. Nc3 a6 ({Relevant:} 3... d5 4. e3 Bg7
5. Nb5 Na6 6. h3 O-O 7. Nf3 c6 8. Nc3 Nc7 9. Be2 Nce8 10. O-O Nd6 11. Ne5 Nfe4
12. Nxe4 Nxe4 13. c4 f6 14. Nf3 Be6 15. Qc2 Qd7 16. Bh2 Nd6 17. cxd5 cxd5 18.
Qb3 Rfc8 19. Rac1 Nc4 20. Rfd1 Bf7 21. Ne1 Rc6 22. Nd3 Rb6 23. Qc3 Rc8 24. Nc5
Qe8 25. b3 Nd6 26. Qa5 Rbc6 27. Bxd6 exd6 28. Nd3 Rxc1 29. Rxc1 Rxc1+ 30. Nxc1
Qc8 31. Nd3 a6 32. Bf3 b5 33. Nf4 {Nihal,S (2662)-Amin,B (2680) Warsaw 2021
1-0 (157)}) 4. e4 d6 5. Qd2 Bg7 6. Bh6 O-O 7. Bxg7 Kxg7 8. h4 c5 9. d5 b5 10.
f3 h5 {[#]} 11. Nh3 $146 ({Predecessor:} 11. Be2 b4 12. Nd1 e6 13. Ne3 Bb7 14.
g4 exd5 15. gxh5 Nxh5 16. Nxd5 Bxd5 17. Qxd5 Ra7 18. O-O-O Rd7 19. Bc4 Qf6 20.
Qd3 Nc6 21. Bxa6 Ne5 22. Qb3 d5 23. Be2 dxe4 24. Rxd7 Nxd7 25. fxe4 Qf4+ 26.
Kb1 Qxe4 27. Qf3 Re8 28. Qxe4 Rxe4 29. Kc1 Ng3 30. Rh2 Ne5 31. Kd2 Nxe2 32.
Rxe2 Nc4+ 33. Kc1 Rxh4 34. b3 Rh1 35. bxc4 Rxg1+ 36. Kb2 Rg4 37. Kb3 Rg3+ 38.
Kb2 Rc3 39. a4 Ra3 40. Re5 Rxa4 {Joyeux,G (1606)-Pailhe,L (1978) Angers 2015
0-1}) 11... b4 12. Nd1 Bxh3 13. Rxh3 Nbd7 14. Ne3 Ne5 15. Rg3 Kh7 16. Bd3 a5
17. Rg5 Qc7 18. f4 Neg4 19. Nxg4 Nxg4 20. f5 Ne5 21. Be2 Rh8 22. Bxh5 Kg7 {[#]}
23. Bf3 (23. fxg6 f6 24. Rxe5 dxe5 25. g4) 23... Rxh4 24. O-O-O Rah8 25. fxg6
fxg6 26. Qe3 Qd8 27. g3 Rh2 28. Rf1 Qf8 29. Be2 Rh1 30. Rxh1 Rxh1+ 31. Bd1 Qf1
32. Qd2 Nf3 0-1

[Event "2022 PHCC Championships  "]
[Site "Port Huron"]
[Date "2022.03.03"]
[Round "5"]
[White "Wingrove, William"]
[Black "Malburg, Drew"]
[Result "0-1"]
[WhiteElo "1534"]
[BlackElo "1387"]
[Annotator "alan1"]
[PlyCount "94"]
[EventDate "2022.03.03"]
[EventType "tourn"]
[EventRounds "9"]

{[%evp 0,94,27,24,63,58,72,61,53,54,45,32,71,64,71,71,57,18,43,-3,46,30,30,23,
19,-4,-18,-58,-60,-60,-18,-92,3,3,5,4,7,11,11,-4,1,-10,-4,-5,-11,-66,-8,6,44,
33,3,-7,81,3,34,5,1,-15,6,-10,102,-609,-609,-603,-644,-644,-674,-674,-674,-690,
-506,-736,-487,-1222,-508,-531,-560,-569,-587,-653,-568,-710,-740,-745,-645,
-615,-648,-848,-848,-1389,-600,-615,-691,-787,-808,-819,-756]} 1. e4 c6 2. d4
d5 3. e5 Bf5 4. Nf3 e6 5. Be2 c5 6. Be3 Qb6 7. Nc3 Nc6 8. Rb1 ({Relevant:} 8.
O-O Qxb2 9. Qe1 cxd4 10. Bxd4 Nxd4 11. Nxd4 Bb4 12. Rb1 Bxc3 13. Rxb2 Bxe1 14.
Rxe1 b6 15. h4 h5 16. Nxf5 exf5 17. c4 Ne7 18. Rd2 O-O-O 19. f4 dxc4 20. Rxd8+
Rxd8 21. Bxc4 Nd5 22. Rc1 Kb7 23. g3 Rd7 24. Rd1 Kc6 25. a4 Kc5 26. Bb3 a6 27.
Kf2 Kc6 28. Rc1+ Kb7 29. Rd1 Kc6 30. Rc1+ Kb7 31. Rd1 {1/2-1/2 (31) Shirov,A 
(2704)-Harikrishna,P (2717) Berlin 2022}) 8... cxd4 {[#]} 9. Bxd4 $146 ({
Predecessor:} 9. Nxd4 Nxd4 10. Bxd4 Bc5 11. Bxc5 Qxc5 12. Nb5 Ne7 13. Nd6+ Kf8
14. Nxf5 Nxf5 15. O-O g6 16. Bd3 Kg7 17. Qf3 Rhe8 18. Rfe1 Rac8 19. Qf4 Qd4 20.
Qd2 a6 21. c3 Qc5 22. Bxf5 exf5 23. Rbd1 Rcd8 24. Qd4 Qxd4 25. Rxd4 f6 26. e6
Rd6 27. Kf1 Kf8 28. Red1 Rexe6 29. Rxd5 Rxd5 30. Rxd5 Ke7 31. Rd2 Rc6 32. Ke2
Re6+ 33. Kd1 Rc6 34. Re2+ Kd7 35. Kc2 Rc4 36. b3 Rh4 37. h3 Re4 38. Kd3 Re5 {
Lobzhanidze,D (2496)-Lambrechts,K (2174) Groningen 2010 1-0}) 9... Nxd4 10.
Nxd4 Ne7 11. O-O a6 12. Re1 Bg6 13. Kh1 Nc6 14. Nxc6 bxc6 15. Bd3 Bc5 16. Na4
Qa7 17. Nxc5 Qxc5 18. f4 Rb8 19. Bxg6 hxg6 20. Qd3 a5 21. c3 Ke7 22. Red1 Rh4
23. Qg3 Rbh8 24. h3 Qc4 25. Rf1 Qc5 26. Qd3 Qb6 27. b3 c5 28. Rbd1 Qc6 29. Rc1
(29. Rf3 {...equal.}) 29... d4 30. cxd4 (30. Rf3) 30... Rxh3+ 31. Qxh3 Rxh3+
32. Kg1 Rg3 33. Rf2 Qe4 34. dxc5 Re3 35. Rcc2 Qd4 36. c6 Rc3 37. Rcd2 Qc5 38.
Kh2 Qxc6 39. Rd6 Qc8 40. Rfd2 Qh8+ 41. Kg1 Rc1+ 42. Kf2 Qh4+ 43. Ke2 Qg4+ 44.
Kd3 Rd1 45. Kc2 Rxd2+ 46. Kxd2 Qxf4+ 47. Kc2 Qxe5 0-1